| 000 | 00355 a2200133 4500 | ||
|---|---|---|---|
| 005 | 20250415123110.0 | ||
| 020 | _a978 1 1184 8514 9 | ||
| 082 | _a657.076 COR | ||
| 100 | _aCORTESE, C. | ||
| 245 | _aSophie's Flower Shop: A Manual Account Practice Set. | ||
| 260 |
_aAustralia, _bJohn Wiley & Sons, _c2013. |
||
| 300 |
_a33p.:ill.; _c29cm |
||
| 942 |
_2ddc _cBKS |
||
| 999 |
_c1463 _d1463 |
||